| 000 | 00492nam a2200169Ia 4500 | ||
|---|---|---|---|
| 005 | 20250508160129.0 | ||
| 008 | 008 250505s9999 xx 000 0 eng d | ||
| 037 | _aBooks to be hide in OPAC | ||
| 040 |
_aFEDL _beng _cFEDL |
||
| 041 |
_aeng _2eng |
||
| 084 |
_a375, UNI/O _qFEDL |
||
| 245 | 0 | _aSummer course in student services : A report | |
| 245 | 0 | _cUnited States Educational Foundation in India | |
| 260 | _c1969 | ||
| 942 |
_cHB _h375, UNI/O |
||
| 999 |
_c1362013 _d1362013 |
||